Responses for Show #6404 - Thursday, June 21, 2012

David Menchaca game 6.

Contestants

[<< previous game]

Margaret Swanson, a graduate student of architecture from Somerville, Massachusetts

Lukas Sherman, a substitute teacher from Portland, Oregon

David Menchaca, a law student originally from Long Beach, California (whose 5-day cash winnings total $115,503)

[next game >>]

Jeopardy! Round responses

SIGNS & SYMBOLS
TV & MOVIE CARS
LIBROS POR NIÑOS
"M.E."
WORD PUZZLES
THE JOY OF SECTS
    $200 4
(Alex: Yes, not in an envelope.)

on a line

David
    $200 1
Herbie

David
    $200 12
Goodnight Moon

Lukas
    $200 11
the Middle East

David
    $200 26
Buzz Lightyear

David
    $200 21
the sutras

Margaret
    $400 5
a mine

Margaret
    $400 2
the General Lee

David
    $400 13
Green Eggs and Ham

David
    $400 17
Mamie Eisenhower

Margaret
    $400 27
Space Invaders

Margaret
    $400 22
Shinto

Lukas
    $600 6
a new moon

David
    $600 3
Chitty Chitty Bang Bang

Margaret
    $600 14
(Margaret: What is The Tale of Peter the Rabbit?)
...
(Alex: You threw in an extra "the" there, Margaret. Sorry.)

The Tale of Peter Rabbit

DavidMargaret
    $600 18
mechanical energy

Lukas
    $600 28
(Margaret: What is a bundle?)

a freebie

Margaret
Triple Stumper
    $600 23
a turban

David
    $800 7
lost & found

David
    $800 8
The Munsters

David
    $800 15
Where the Wild Things Are

Lukas
    $1,600 19
a moray eel

Lukas
    $800 29
a falling out

Margaret
    $800 24
the Dead Sea

Triple Stumper
    $1000 10
J (or Z)

Margaret
    $1000 9
Black Beauty

David
    $1000 16
The Very Hungry Caterpillar

David
    $1000 20
most excellent

Lukas
    $1000 30
to hit the big time

Triple Stumper
    $1000 25
(Alex: Yes, with less than a minute to go.)

zen

Margaret

Scores at the first commercial break (after clue 15):

David Lukas Margaret
$5,200 $1,000 $1,400

Scores at the end of the Jeopardy! Round:

David Lukas Margaret
$7,000 $4,600 $3,600

Double Jeopardy! Round responses

THE BAND'S 10th TOP 40 HIT
ON YOUR MARKS
HELICOPTERS
IN THE DICTIONARY
BAD ENDINGS FOR WRITERS
THE JOY OF INSECTS
    $400 2
ABBA

Margaret
    $400 21
Mark Antony

David
    $400 26
traffic reports

Lukas
    $400 1
a calamity

David
    $400 7
Dublin

David
    $400 12
pollination

David
    $800 3
Foreigner

Triple Stumper
    $800 22
Mark Cuban

David
    $800 27
(David: What are pounds of torque?)

horsepower

David
Triple Stumper
    $800 17
mull

Lukas
    $800 8
Franco

David
    $800 13
mosquitoes

David
    $1200 4
Aerosmith

Lukas
    $1200 23
Mark Zuckerberg

Lukas
    $1200 28
a cargo hook

Triple Stumper
    $1200 18
mignon

David
    $1200 9
Cicero

David
    $1200 14
the mayfly

David
    $1600 5
The Bee Gees

Lukas
    $6,000 24
Mark Felt

Lukas
    $1600 29
Attack Helicopter

Lukas
    $1600 19
ensign

Triple Stumper
    $2,000 10
(David: Who is Sir Thomas More?)

Sir Walter Raleigh

David
    $1600 15
a silverfish

David
    $2000 6
Genesis

Lukas
    $2000 25
Mark Warner

Triple Stumper
    $2000 30
Marine One

David
    $2000 20
parochial

David
    $2000 11
(Rainer Maria) Rilke

Lukas
    $2000 16
the fruitfly

Margaret

Scores at the end of the Double Jeopardy! Round:

David Lukas Margaret
$17,400 $21,400 $6,000

[wagering suggestions for these scores]

Final Jeopardy! Round responses

UNESCO WORLD HERITAGE SITES
MargaretWhat is the Alhambr
$2,001
DavidWhat is the Kaaba?
$17,358
LukasWhat is the Haggia Sophia?
$18,000
the Taj Mahal

Final scores:

David Lukas Margaret
$42 $3,400 $3,999
3rd place: $1,000 2nd place: $2,000 New champion: $3,999

Game dynamics:

Coryat scores:

David Lukas Margaret
$19,400 $16,200 $6,000
26 R,
2 W
(including 1 DD)
15 R
(including 2 DDs),
0 W
10 R,
2 W

Combined Coryat: $41,600

[game clues] [game scores] [suggest correction]

Game tape date: 2012-02-14
The J! Archive is created by fans, for fans. Scraping, republication, monetization, and malicious use prohibited; this site may use cookies and collect identifying information. See terms. The Jeopardy! game show and all elements thereof, including but not limited to copyright and trademark thereto, are the property of Jeopardy Productions, Inc. and are protected under law. This website is not affiliated with, sponsored by, or operated by Jeopardy Productions, Inc. Join the discussion at JBoard.tv.